| 000 | 00808cam a2200289 4500 | ||
|---|---|---|---|
| 001 | 30319 | ||
| 003 | BD-RjUL | ||
| 005 | 20211209051539.0 | ||
| 008 | 140409s1973 enk b 001 0 eng | ||
| 020 | _a0416769500 | ||
| 035 | _a(BD-RjUL)30404 | ||
| 040 |
_aDLC _cDLC _dDLC _beng |
||
| 041 | _aeng | ||
| 082 | 0 | 0 |
_a410.1 _bCRL 1973 |
| 100 | 1 |
_aCresswell, M. J. _95105 |
|
| 245 | 1 | 0 |
_aLogics and languages / _c M. J. Cresswell. |
| 260 |
_aLondon : _bMethuen [Distributed in the U.S.A. by Harper & Row, _c1973 |
||
| 300 |
_axi, 273 p. ; _c23 cm. |
||
| 350 | _a£4.90 | ||
| 504 | _aIncludes index | ||
| 650 | 0 |
_aLanguage and languages _xPhilosophy. _992165 |
|
| 650 | 0 |
_aSemantics. _992166 |
|
| 650 | 0 |
_aSemantics (Philosophy) _992167 |
|
| 942 |
_2ddc _cBK |
||
| 999 |
_c30319 _d30319 |
||